000 01076nam a2200253 a 4500
001 000028192
005 20250711124154.0
008 110407s2000 dr ad r 000 | spa d
040 _aDO-SdBNP
_bspa
_cBNPHU
082 _a371.207
_bR426i
110 1 _aRepública Dominicana.
_bSecretaría de Estado de Educación y Cultura.
_bOficina de Planificación Educativa
_951800
245 1 0 _aInforme de gestión 1996-2000 /
_celaborado por Lucero Arboleda de Roa.
246 2 3 _aSistema de Bibliotecas Escolares
260 _aSanto Domingo :
_bSecretaría de Estado de Educación y Cultura,
_c2000.
300 _a144 p. :
_bil., gráfcs., tablas ;
_c24 cm.
490 1 _aGestión educativa
_v16
505 0 _gPresentación --
_tAntecedentes --
_tAspectos generales --
_tInformes particulares por dependencia --
_tAnexos.
590 _aInventariado,2018/DG
650 0 _aPlanificación educativa
_917484
650 4 _aDesarrollo educativo
_910501
700 1 _aArboleda Roa, Lucero de
_912662
830 0 _aGestión educativa;
_n16
_955194
910 _aValidado. Control de calidad. EMS
999 _c27684
_d27684